00353 2200133 4500001002100000005001500021035002000036245008000056300000700136260004400143082000800187084001200195990001200207INLIS00000000000208020250527095300 a0010-0525000372 aMenjadi Artis Ngetop Dg W.U.T (Waktu, Uang, dan Tekad) /cBuarnegis Muryono a92 aJakarta :bElek Media Komputindo,c2000 a813 a813 MEN a0712498